000 00550nam a2200181Ia 4500
003 LDD
008 190117s9999 xx 000 0 und d
020 _a8179170764
_c₹350
040 _cLDD
041 _ahi
082 _a320.954 रा62सं
100 _aराय, एस.एन.
245 0 _aसंस्कृति के दौर का भारत
_cएस.एन. राय
260 _aदिल्ली
_bग्रंथ शिल्पी
_c2005
300 _a217पृ.
904 _aReqst by : J.M.Parekh
942 _2ddc
_cH
999 _c168548
_d168548